[Event "Montcada op-C 25th"]
[Site "Montcada"]
[Date "2017.07.01"]
[Round "7"]
[White "Folch Ferrando, Carlos"]
[Black "Guardia Bencomo, Tomas"]
[Result "0-1"]
[WhiteElo "1396"]
[BlackElo "1728"]
[PlyCount "43"]
[EventDate "2017.06.26"]
[EventType "swiss"]
[EventRounds "9"]
[EventCountry "ESP"]
[SourceTitle "EXT 2018"]
[Source "ChessBase"]
[SourceDate "2017.10.13"]
[SourceVersion "1"]
[SourceVersionDate "2017.10.13"]
[SourceQuality "1"]

1. d4 d5 2. Nf3 Nf6 3. Bg5 e6 4. Nbd2 Be7 5. e3 Nbd7 6. Bd3 h6 7. Bh4 c5 8. c3 0-0 9. 0-0 Qc7 10. Bg3 Qb6 11. Rb1 Nh5 12. Ne5 Nxe5 13. dxe5 Bd7 14. Nf3 Bb5 15. Qc2 Bxd3 16. Qxd3 a5 17. Qc2 Qc6 18. Rbc1 b5 19. b3 Qb7 20. a3 a4 21. b4 cxb4 22. cxb4 0-1